[Event "56th Rubinstein Memorial A 2020"]
[Site "Polanica Zdroj"]
[Date "2020.08.18"]
[Round "4.4"]
[White "Goluch, Piotr"]
[Black "Butkiewicz, Lukasz"]
[Result "1/2-1/2"]
[WhiteElo "2376"]
[BlackElo "2400"]
[Annotator "ChessBase"]
[PlyCount "83"]
[EventDate "2020.08.15"]
[EventType "swiss"]
[EventCountry "POL"]
[SourceTitle "playchess.com"]
[Source "ChessBase"]
[SourceQuality "1"]
[TimeControl "40/5400+30:1800+30"]

1. d4 {[%emt 0:00:00]} Nf6 {[%emt 0:00:00]} 2. c4 {[%emt 0:00:00]} e6 {[%emt 0:00:00]} 3. Nf3 {[%emt 0:00:00]} d5 {[%emt 0:00:00]} 4. g3 {[%emt 0:00:04]} dxc4 {[%emt 0:00:03]} 5. Bg2 {[%emt 0:00:05]} Bb4+ {[%emt 0:00:06]} 6. Bd2 {[%emt 0:00:04]} a5 {[%emt 0:00:12]} 7. O-O {[%emt 0:02:38]} O-O {[%emt 0:02:41]} 8. Bg5 {[%emt 0:07:37]} b5 {[%emt 0:06:30]} 9. a4 {[%emt 0:06:34]} c6 {[%emt 0:03:30]} 10. Ne5 {[%emt 0:01:53]} Ra6 {[%emt 0:02:14]} 11. Nc3 {[%emt 0:00:18]} Rb6 {[%emt 0:14:16]} 12. e4 {[%emt 0:23:48]} Be7 {[%emt 0:08:13]} 13. Be3 {[%emt 0:09:30]} b4 {[%emt 0:07:42]} 14. Ne2 {[%emt 0:00:26]} Ba6 {[%emt 0:00:07]} 15. Re1 {[%emt 0:10:04]} Nfd7 {[%emt 0:02:52]} 16. f4 {[%emt 0:03:27]} Nxe5 {[%emt 0:02:09]} 17. fxe5 {[%emt 0:00:32]} Nd7 {[%emt 0:02:16]} 18. d5 {[%emt 0:10:17]} cxd5 {[%emt 0:05:18]} 19. exd5 {[%emt 0:00:01]} Nxe5 {[%emt 0:03:57]} 20. Nf4 {[%emt 0:05:13]} Rd6 {[%emt 0:06:21]} 21. Qh5 {[%emt 0:00:02]} Nd3 {[%emt 0:07:17]} 22. Be4 {[%emt 0:03:36]} f5 {[%emt 0:00:58]} 23. Bxd3 {[%emt 0:01:39]} cxd3 {[%emt 0:00:07]} 24. Bc5 {[%emt 0:00:53]} Rxd5 {[%emt 0:03:43]} 25. Bxe7 {[%emt 0:01:27]} Qxe7 {[%emt 0:00:04]} 26. Nxd5 {[%emt 0:04:34]} Qc5+ {[%emt 0:00:08]} 27. Re3 {[%emt 0:00:11]} Qxd5 {[%emt 0:01:28]} 28. Qf3 {[%emt 0:00:07]} Qxf3 {[%emt 0:02:09]} 29. Rxf3 {[%emt 0:00:02]} Rc8 {[%emt 0:00:25]} 30. Rf2 {[%emt 0:00:10]} e5 {[%emt 0:02:35]} 31. Rd2 {[%emt 0:00:23]} Kf7 {[%emt 0:00:41]} 32. Kf2 {[%emt 0:00:05]} Ke6 {[%emt 0:00:09]} 33. Ke3 {[%emt 0:00:05]} g5 {[%emt 0:00:39]} 34. h4 {[%emt 0:01:38]} gxh4 {[%emt 0:01:11]} 35. Rh1 {[%emt 0:00:02]} hxg3 {[%emt 0:01:15]} 36. Rh6+ {[%emt 0:00:06]} Kd5 {[%emt 0:08:38]} 37. Rxa6 {[%emt 0:05:16]} e4 {[%emt 0:00:07]} 38. Rxa5+ {[%emt 0:00:28]} Ke6 {[%emt 0:00:13]} 39. Ra6+ {[%emt 0:01:25]} Ke5 {[%emt 0:00:18]} 40. Ra5+ {[%emt 0:00:00]} Ke6 {[%emt 0:00:00]} 41. Ra6+ {[%emt 0:04:43]} Ke5 {[%emt 0:00:11]} 42. Ra5+ {[%emt 0:00:04]} 1/2-1/2

[Event "56th Rubinstein Memorial A 2020"]
[Site "Polanica Zdroj"]
[Date "2020.08.18"]
[Round "4.4"]
[White "Dytman, Radoslaw"]
[Black "Kowalczyk, Wojciech"]
[Result "1/2-1/2"]
[WhiteElo "1867"]
[BlackElo "1873"]
[Annotator "NA RC"]
[PlyCount "81"]
[EventDate "2020.08.15"]
[EventType "swiss"]
[EventCountry "POL"]
[TimeControl "40/5400+30:1800+30"]

1. e4 {[%emt 0:00:00]} c5 {[%emt 0:00:00]} 2. Nc3 {[%emt 0:00:00]} Nc6 {[%emt 0:00:00]} 3. g3 {[%emt 0:00:14]} g6 {[%emt 0:00:51]} 4. Bg2 {[%emt 0:00:09]} Bg7 {[%emt 0:00:10]} 5. d3 {[%emt 0:00:08]} e6 {[%emt 0:03:31]} 6. Be3 {[%emt 0:00:48]} d6 {[%emt 0:00:29]} 7. Qd2 {[%emt 0:00:44]} Rb8 {[%emt 0:00:57]} 8. Nge2 {[%emt 0:01:16]} b5 {[%emt 0:01:42]} 9. O-O {[%emt 0:02:47]} b4 {[%emt 0:01:41]} 10. Nd1 {[%emt 0:00:20]} Nd4 {[%emt 0:07:44]} 11. Nc1 {[%emt 0:03:03]} Ne7 {[%emt 0:01:33]} 12. c3 {[%emt 0:00:35]} Ndc6 {[%emt 0:04:02]} 13. Bh6 {[%emt 0:01:06]} O-O {[%emt 0:03:05]} 14. Bxg7 {[%emt 0:00:09]} Kxg7 {[%emt 0:00:04]} 15. Ne3 {[%emt 0:01:50]} Qb6 {[%emt 0:12:40]} 16. f4 {[%emt 0:15:44]} f5 {[%emt 0:15:25]} 17. Ne2 {[%emt 0:08:14]} Ba6 {[%emt 0:08:42]} 18. c4 {[%emt 0:11:11]} Bb7 {[%emt 0:06:37]} 19. b3 {[%emt 0:03:37]} Nd4 {[%emt 0:13:42]} 20. Nc2 {[%emt 0:09:20]} Nec6 {[%emt 0:02:45]} 21. Ncxd4 {[%emt 0:03:25]} Nxd4 {[%emt 0:00:40]} 22. Nxd4 {[%emt 0:00:54]} cxd4 {[%emt 0:00:05]} 23. Rfe1 {[%emt 0:06:39]} Rfe8 {[%emt 0:06:39]} 24. e5 {[%emt 0:01:17]} d5 {[%emt 0:05:29]} 25. Rac1 {[%emt 0:14:50]} Rbc8 {[%emt 0:01:42]} 26. Rc2 {[%emt 0:00:04]} dxc4 {[%emt 0:00:16]} 27. Rxc4 {[%emt 0:00:16]} Rxc4 {[%emt 0:00:23]} 28. dxc4 {[%emt 0:00:37]} Bxg2 {[%emt 0:00:56]} 29. Qxg2 {[%emt 0:00:16]} Rd8 {[%emt 0:01:40]} 30. Rd1 {[%emt 0:00:15]} a5 {[%emt 0:00:33]} 31. Rd3 {[%emt 0:00:18]} Kf7 {[%emt 0:00:31]} 32. Qh3 {[%emt 0:00:16]} Kg7 {[%emt 0:00:51]} 33. Qh4 {[%emt 0:00:06]} Rd7 {[%emt 0:00:27]} 34. Qh3 {[%emt 0:08:20]} h5 {[%emt 0:00:31]} 35. Qg2 {[%emt 0:00:59]} a4 {[%emt 0:00:17]} 36. bxa4 {[%emt 0:06:36]} Qc5 {[%emt 0:00:15]} 37. Qc2 {[%emt 0:00:47]} Rc7 {[%emt 0:00:31]} 38. a5 {[%emt 0:01:08]} Qxa5 {[%emt 0:00:42]} 39. Rxd4 {[%emt 0:00:26]} Ra7 {[%emt 0:00:43]} 40. Rd2 Qc5+ {[%emt 0:00:00]} 41. Kg2 {[%emt 0:06:11]} 1/2-1/2

[Event "56th Rubinstein Memorial A 2020"]
[Site "Polanica Zdroj"]
[Date "2020.08.18"]
[Round "4.5"]
[White "Kucza, Karol"]
[Black "Luch, Michal"]
[Result "1/2-1/2"]
[WhiteElo "2245"]
[BlackElo "2409"]
[Annotator "ChessBase"]
[PlyCount "77"]
[EventDate "2020.08.15"]
[EventType "swiss"]
[EventCountry "POL"]
[SourceTitle "playchess.com"]
[Source "ChessBase"]
[SourceQuality "1"]
[TimeControl "40/5400+30:1800+30"]

1. e4 {[%emt 0:00:00]} c5 {[%emt 0:00:00]} 2. Nf3 {[%emt 0:00:00]} Nc6 {[%emt 0:00:00]} 3. d4 {[%emt 0:00:00]} cxd4 {[%emt 0:00:00]} 4. Nxd4 {[%emt 0:00:00]} g6 {[%emt 0:00:00]} 5. c4 {[%emt 0:01:28]} Bg7 {[%emt 0:00:00]} 6. Be3 {[%emt 0:00:08]} Nf6 {[%emt 0:00:18]} 7. Nc3 {[%emt 0:00:05]} d6 {[%emt 0:00:29]} 8. Be2 {[%emt 0:00:24]} O-O {[%emt 0:00:25]} 9. Qd2 {[%emt 0:01:57]} Bd7 {[%emt 0:03:11]} 10. Rc1 {[%emt 0:00:29]} Nxd4 {[%emt 0:00:33]} 11. Bxd4 {[%emt 0:00:06]} Bc6 {[%emt 0:00:06]} 12. f3 {[%emt 0:00:53]} a5 {[%emt 0:00:55]} 13. b3 {[%emt 0:00:35]} Nd7 {[%emt 0:00:13]} 14. Be3 {[%emt 0:00:06]} Nc5 {[%emt 0:00:16]} 15. O-O {[%emt 0:00:24]} e6 {[%emt 0:00:13]} 16. Bd1 {[%emt 0:18:43]} Be5 {[%emt 0:02:49]} 17. a3 {[%emt 0:00:12]} a4 {[%emt 0:24:58]} 18. Nxa4 {[%emt 0:09:31]} Nxa4 {[%emt 0:04:21]} 19. bxa4 {[%emt 0:00:06]} Bxa4 {[%emt 0:00:05]} 20. f4 {[%emt 0:02:55]} Bf6 {[%emt 0:04:14]} 21. c5 {[%emt 0:05:09]} dxc5 {[%emt 0:01:52]} 22. Qxd8 {[%emt 0:00:36]} Rfxd8 {[%emt 0:00:54]} 23. Bxc5 {[%emt 0:02:18]} Bd4+ {[%emt 0:23:22]} 24. Bxd4 {[%emt 0:00:14]} Rxd4 {[%emt 0:00:04]} 25. Bxa4 {[%emt 0:01:27]} Raxa4 {[%emt 0:08:51]} 26. f5 {[%emt 0:02:16]} exf5 {[%emt 0:08:31]} 27. exf5 {[%emt 0:00:14]} gxf5 {[%emt 0:00:07]} 28. Rc7 {[%emt 0:06:28]} Rxa3 {[%emt 0:03:47]} 29. Rxb7 {[%emt 0:01:31]} Rd2 {[%emt 0:01:32]} 30. Rxf5 {[%emt 0:02:58]} Ra1+ {[%emt 0:00:31]} 31. Rf1 {[%emt 0:00:04]} Raa2 {[%emt 0:00:28]} 32. Rfxf7 {[%emt 0:00:16]} Rxg2+ {[%emt 0:00:12]} 33. Kf1 {[%emt 0:00:03]} Rxh2 {[%emt 0:00:17]} 34. Rg7+ {[%emt 0:00:10]} Kh8 {[%emt 0:00:11]} 35. Kg1 {[%emt 0:00:03]} Rab2 {[%emt 0:06:13]} 36. Rxh7+ {[%emt 0:00:15]} Rxh7 {[%emt 0:00:04]} 37. Rxb2 {[%emt 0:00:06]} Rg7+ {[%emt 0:00:01]} 38. Rg2 {[%emt 0:00:07]} Rxg2+ {[%emt 0:00:03]} 39. Kxg2 1/2-1/2

[Event "56th Rubinstein Memorial A 2020"]
[Site "Polanica Zdroj"]
[Date "2020.08.18"]
[Round "4.5"]
[White "Starosciak, Szymon"]
[Black "Hetzer, Volkhard"]
[Result "1/2-1/2"]
[WhiteElo "1850"]
[BlackElo "1911"]
[Annotator "TA"]
[PlyCount "87"]
[EventDate "2020.08.15"]
[EventType "swiss"]
[EventCountry "POL"]

{[%evp 20,87,50,35,78,61,62,61,61,44,55,23,38,40,66,51,43,38,39,33,56,-39,-52,-35,-30,-64,-52,-126,-55,-386,-373,-559,-550,-552,-529,-827,-738,-855,-731,-707,-382,-432,-440,-472,-74,-89,-70,-66,0,-347,0,-41,-18,-67,-51,-104,-116,-191,-50,-803,52,21,37,7,6,13,54,76,84,39]} 1. e4 c5 2. Nf3 Nc6 3. d4 cxd4 4. Nxd4 g6 5. c4 Bg7 6. Be3 Nf6 7. Nc3 Ng4 8. Qxg4 Nxd4 9. Qd1 Ne6 10. Qd2 d6 11. Be2 b6 {B39: Sicilian: Maroczy Bind with 5...Bg7 and 7...Ng4.} 12. O-O O-O 13. f3 Bb7 {White is slightly better.} 14. Rab1 {[#]} Rc8 $146 ({Predecessor:} 14... Qd7 15. b4 Rfd8 16. a4 Bc6 17. Kh1 Rdc8 18. Rfc1 Qd8 19. Bd3 Bd4 20. f4 a5 {0-1 (54) Skomorokhin,R (2378)-Askarov,M (2561) Kazan 2007}) 15. Rfc1 f5 16. exf5 gxf5 17. Nd5 Kh8 18. b4 Qe8 19. a4 Ba8 20. Qa2 (20. Rd1 $14) 20... f4 $15 21. Bf2 Nd4 22. Bd1 e6 $36 {[%mdl 2048] Black is pushing.} 23. Nc3 (23. Qd2 $15) 23... Qg6 (23... Nf5 $1 $17 24. c5 dxc5 25. bxc5 bxc5) 24. Kf1 $2 {[%mdl 8192]} (24. Kh1 $15) 24... Rg8 $19 25. Ne2 (25. Nb5 $142 Nxb5 26. axb5) 25... Nf5 ({Not} 25... Nxe2 26. Qxe2 Be5 27. Bg1 $15) 26. Nxf4 Qh6 $1 {[%csl LRf4,LRh2][%mdl 64] Double Attack} 27. Nh3 Be5 28. Bg1 Rcf8 29. Rc2 Bd4 30. Bxd4+ Nxd4 31. Rf2 {[#]} e5 $2 (31... Nxf3 $1 $19 {[%mdl 512] and Black stays clearly on top.} 32. Bxf3 Bxf3 33. Qb2+ e5) 32. Qd2 $17 Qe6 {[%mdl 1024] Hoping for ...Bxf3! Black has strong compensation.} 33. Qd3 {[#]} Qh6 (33... Rxg2 $1 $15 {[%mdl 512]} 34. Kxg2 Qg4+ 35. Kf1 Qxh3+ 36. Ke1 Rf4) 34. Rbb2 $2 {[%mdl 8192] [#]} (34. Qd2 $11 {and White stays safe.} Qh4 35. Qd3) 34... Rf6 $2 (34... Nxf3 $1 $19 {[%mdl 512]} 35. Ng1 (35. Bxf3 Bxf3) 35... Nxh2+ 36. Ke1 Qh4) 35. Qd2 (35. f4 $5) 35... Qg7 {next ...Rh6 is good for Black.} 36. Ng1 Rh6 37. h3 ({White should try} 37. g3 $15) 37... Rg6 38. Bc2 (38. Qd3 $17 {was necessary.}) 38... Rf6 (38... Rg3 $19 {aiming for ...Nxf3!} 39. Bd3 Bc6) 39. Ne2 $2 {[%mdl 8192] [#]} (39. Bb1 $15) 39... Ne6 $2 ({Better is} 39... Bxf3 $1 $19 {[%cal Rg7g2][%mdl 512] ( -> ...Qxg2+!)} 40. Nxd4 (40. Rxf3 Qxg2+) 40... Bxg2+ {[%mdl 64] Double Attack} 41. Ke1 Bxh3) 40. Qe3 Rgf8 41. Be4 Bxe4 42. Qxe4 Ng5 43. Qe3 $1 Ne6 44. Nc3 {Accuracy: White = 32%, Black = 61%.} 1/2-1/2

[Event "56th Rubinstein Memorial A 2020"]
[Site "Polanica Zdroj"]
[Date "2020.08.18"]
[Round "4.6"]
[White "Luba, Lukasz"]
[Black "Sabuk, Piotr"]
[Result "0-1"]
[WhiteElo "2188"]
[BlackElo "2377"]
[Annotator "ChessBase"]
[PlyCount "68"]
[EventDate "2020.08.15"]
[EventType "swiss"]
[EventCountry "POL"]
[SourceTitle "playchess.com"]
[Source "ChessBase"]
[SourceQuality "1"]
[TimeControl "40/5400+30:1800+30"]

1. e3 {[%emt 0:00:00]} e5 {[%emt 0:00:39]} 2. c4 {[%emt 0:00:38]} Nf6 {[%emt 0:01:02]} 3. b3 {[%emt 0:01:20]} d5 {[%emt 0:03:15]} 4. Bb2 {[%emt 0:09:05]} d4 {[%emt 0:01:16]} 5. e4 {[%emt 0:03:00]} Nc6 {[%emt 0:04:58]} 6. d3 {[%emt 0:06:12]} Bd6 {[%emt 0:03:58]} 7. Be2 {[%emt 0:02:13]} O-O {[%emt 0:05:32]} 8. Nd2 {[%emt 0:00:27]} Nd7 {[%emt 0:01:41]} 9. g4 {[%emt 0:00:08]} Nc5 {[%emt 0:06:19]} 10. a3 {[%emt 0:08:50]} a5 {[%emt 0:07:19]} 11. Nf1 {[%emt 0:05:47]} Ra6 {[%emt 0:02:44]} 12. Bc1 {[%emt 0:00:11]} Rb6 {[%emt 0:08:04]} 13. Rb1 {[%emt 0:12:35]} Qe7 {[%emt 0:02:12]} 14. Qc2 {[%emt 0:03:23]} Ne6 {[%emt 0:08:39]} 15. Ra1 {[%emt 0:00:08]} g6 {[%emt 0:13:58]} 16. Ng3 {[%emt 0:08:11]} Nf4 {[%emt 0:03:09]} 17. Bf3 {[%emt 0:00:23]} a4 {[%emt 0:08:00]} 18. bxa4 {[%emt 0:11:29]} Bd7 {[%emt 0:00:59]} 19. N1e2 {[%emt 0:05:36]} Na5 {[%emt 0:03:52]} 20. c5 {[%emt 0:06:27]} Bxc5 {[%emt 0:00:55]} 21. Bxf4 {[%emt 0:04:46]} exf4 {[%emt 0:00:08]} 22. Nxf4 {[%emt 0:00:05]} c6 {[%emt 0:01:16]} 23. O-O {[%emt 0:03:24]} Bd6 {[%emt 0:03:38]} 24. Nfe2 {[%emt 0:01:06]} c5 {[%emt 0:00:22]} 25. Rfb1 {[%emt 0:00:30]} Ra6 {[%emt 0:01:42]} 26. Re1 {[%emt 0:02:19]} Nc6 {[%emt 0:00:29]} 27. Rab1 {[%emt 0:00:21]} Ne5 {[%emt 0:00:27]} 28. Bg2 {[%emt 0:00:35]} c4 {[%emt 0:01:26]} 29. Nxd4 {[%emt 0:01:29]} cxd3 {[%emt 0:00:33]} 30. Qd2 {[%emt 0:00:36]} Rxa4 {[%emt 0:01:08]} 31. Nb3 {[%emt 0:01:14]} Rxa3 {[%emt 0:00:50]} 32. f4 {[%emt 0:00:53]} Bb4 {[%emt 0:00:26]} 33. Qd1 {[%emt 0:01:10]} Bxg4 {[%emt 0:00:34]} 34. Qc1 {[%emt 0:00:37]} Rxb3 0-1

[Event "56th Rubinstein Memorial A 2020"]
[Site "Polanica Zdroj"]
[Date "2020.08.18"]
[Round "4.6"]
[White "Hertlein, Irena"]
[Black "Rog, Bartlomiej"]
[Result "1/2-1/2"]
[WhiteElo "1905"]
[BlackElo "1866"]
[Annotator "TA"]
[PlyCount "88"]
[EventDate "2020.08.15"]
[EventType "swiss"]
[EventCountry "POL"]

{[%evp 13,88,31,34,18,22,-1,0,0,5,-5,-13,-40,-44,-35,-33,-31,-32,-34,-35,-47,-50,-57,-62,-63,-61,-75,-75,-75,-69,-76,-73,-111,-98,-102,-99,-117,-107,-105,-97,-116,-124,-118,-123,-131,-130,-126,-130,-176,-177,-197,-182,-182,-135,-182,-144,-182,-182,-235,-220,-231,-231,-182,-135,-138,-138,-133,-120,-125,0,-64,-30,-30,-30,-32,-30,-31,-38]} 1. e4 c5 2. Nf3 d6 3. d4 cxd4 4. Nxd4 Nf6 5. Nc3 Nc6 6. Be2 Nxd4 7. Qxd4 g6 8. e5 {B58: Classical Sicilian: 6 Be2.} dxe5 9. Bb5+ Bd7 10. Qxe5 {The position is equal.} Bg7 11. Bxd7+ Qxd7 12. Qb5 {[#]} (12. Bg5 {seems wilder.} h6 13. Bd2 O-O 14. Rd1 Ne8 15. Qb5) 12... Qxb5 $146 ({Predecessor:} 12... Rc8 13. Qxd7+ Nxd7 14. Bd2 Ne5 15. O-O-O Nc4 16. Be1 b5 17. h4 O-O 18. Rh3 Rc7 {0-1 (40) Hajdu,I (2212)-Chernyshov,K (2536) Gyula 2000}) 13. Nxb5 Rc8 $36 {[%mdl 2048] White is under pressure.} 14. c3 a6 15. Nd4 Nd5 16. Ne2 b5 17. a3 a5 18. O-O O-O 19. Nf4 Nb6 20. Be3 Nc4 21. Nd5 Rfe8 22. Rfe1 Nxb2 {Strongly threatening ...e6.} 23. Rab1 e6 24. Rxb2 {Black should prevent Nb6.} exd5 25. Rxb5 Bxc3 26. Rd1 {[#]} d4 $1 {[%cal Rd4e3][%mdl 512]} 27. Bf4 (27. Bxd4 Bxd4) 27... Re2 28. g3 Rce8 29. Rd5 f6 30. Bc7 a4 31. Bb6 Re1+ 32. Rxe1 Rxe1+ $19 {[%mdl 4096] Endgame KRB-KRB} 33. Kg2 Rd1 34. Ba5 {Bxc3 is the strong threat.} Ra1 35. Bb4 (35. Bb6 $142) 35... Rb1 36. Bc5 Kf7 $1 37. Rd6 Rd1 38. Kf3 d3 $1 39. Bd4 {[#]} Ke7 $1 {[%cal Re7d6]} 40. Bc5 {[#] Hoping for Rxd3+.} Kf7 ({Black should play} 40... Ke8 $1 $17 41. Bd4 Bxd4 42. Rxd4 d2) 41. Bd4 $1 $15 {[%cal Rd4c3]} Rc1 {White must now prevent ...d2.} 42. Be3 {[#]} d2 $1 {[%mdl 512]} 43. Bxd2 Bxd2 44. Rxd2 Rc3+ {Accuracy: White = 83%, Black = 88%.} 1/2-1/2

[Event "56th Rubinstein Memorial A 2020"]
[Site "Polanica Zdroj"]
[Date "2020.08.18"]
[Round "4.7"]
[White "Marszalek, Maciej"]
[Black "Fiedorek, Michal"]
[Result "1/2-1/2"]
[WhiteElo "2315"]
[BlackElo "2212"]
[Annotator "ChessBase"]
[PlyCount "42"]
[EventDate "2020.08.15"]
[EventType "swiss"]
[EventCountry "POL"]
[SourceTitle "playchess.com"]
[Source "ChessBase"]
[SourceQuality "1"]
[TimeControl "40/5400+30:1800+30"]

1. d4 {[%emt 0:00:00]} Nf6 {[%emt 0:00:00]} 2. Nf3 {[%emt 0:00:00]} g6 {[%emt 0:00:00]} 3. g3 {[%emt 0:00:00]} Bg7 {[%emt 0:00:00]} 4. Bg2 {[%emt 0:00:00]} O-O {[%emt 0:00:17]} 5. O-O {[%emt 0:00:00]} d6 {[%emt 0:00:13]} 6. b3 {[%emt 0:00:06]} b5 {[%emt 0:05:15]} 7. Bb2 {[%emt 0:03:14]} Bb7 {[%emt 0:00:19]} 8. Nbd2 {[%emt 0:00:21]} Nbd7 {[%emt 0:00:53]} 9. c4 {[%emt 0:02:59]} bxc4 {[%emt 0:00:56]} 10. Nxc4 {[%emt 0:00:27]} a5 {[%emt 0:01:06]} 11. Rc1 {[%emt 0:02:43]} c5 {[%emt 0:01:00]} 12. dxc5 {[%emt 0:01:30]} Nxc5 {[%emt 0:01:13]} 13. Bd4 {[%emt 0:00:30]} Ncd7 {[%emt 0:23:38]} 14. Bc3 {[%emt 0:10:25]} Ra6 {[%emt 0:09:34]} 15. a4 {[%emt 0:18:40]} Qa8 {[%emt 0:01:51]} 16. Na3 {[%emt 0:00:22]} Rc8 {[%emt 0:02:36]} 17. Bxf6 {[%emt 0:02:17]} Rxc1 {[%emt 0:08:18]} 18. Qxc1 {[%emt 0:01:29]} Bxf6 {[%emt 0:00:18]} 19. Nb5 {[%emt 0:04:03]} Rc6 {[%emt 0:08:00]} 20. Qd2 {[%emt 0:02:49]} Rc5 {[%emt 0:02:06]} 21. Rb1 {[%emt 0:01:47]} Be4 1/2-1/2

[Event "56th Rubinstein Memorial A 2020"]
[Site "Polanica Zdroj"]
[Date "2020.08.18"]
[Round "4.7"]
[White "Topola, Rafal"]
[Black "Wojcik, Wieslaw"]
[Result "1/2-1/2"]
[WhiteElo "1808"]
[BlackElo "1863"]
[Annotator "NA RC"]
[PlyCount "77"]
[EventDate "2020.08.15"]
[EventType "swiss"]
[EventCountry "POL"]
[SourceTitle "playchess.com"]
[Source "ChessBase"]
[SourceQuality "1"]
[TimeControl "40/5400+30:1800+30"]

1. e4 {[%emt 0:00:00]} c5 {[%emt 0:01:36]} 2. Nf3 {[%emt 0:00:00]} Nc6 {[%emt 0:00:01]} 3. d4 {[%emt 0:00:00]} cxd4 {[%emt 0:00:02]} 4. Nxd4 {[%emt 0:00:00]} e5 {[%emt 0:00:02]} 5. Nb5 {[%emt 0:00:06]} d6 {[%emt 0:00:03]} 6. N1c3 {[%emt 0:00:15]} a6 {[%emt 0:00:07]} 7. Na3 {[%emt 0:00:06]} b5 {[%emt 0:00:09]} 8. Nd5 {[%emt 0:01:34]} Nf6 {[%emt 0:00:06]} 9. Bg5 {[%emt 0:02:04]} Be7 {[%emt 0:00:08]} 10. Bxf6 {[%emt 0:00:18]} Bxf6 {[%emt 0:00:07]} 11. c3 {[%emt 0:00:51]} Bg5 {[%emt 0:00:23]} 12. g3 {[%emt 0:01:14]} h5 {[%emt 0:11:56]} 13. h4 {[%emt 0:01:25]} Bh6 {[%emt 0:01:10]} 14. Be2 {[%emt 0:00:21]} g6 {[%emt 0:00:40]} 15. Nc2 {[%emt 0:01:07]} Rb8 {[%emt 0:05:55]} 16. a4 {[%emt 0:03:53]} bxa4 {[%emt 0:03:02]} 17. Ncb4 {[%emt 0:00:11]} Nxb4 {[%emt 0:08:41]} 18. Nxb4 {[%emt 0:00:13]} Rb6 {[%emt 0:06:44]} 19. Qxa4+ {[%emt 0:03:38]} Kf8 {[%emt 0:01:53]} 20. Qc2 {[%emt 0:01:39]} Bb7 {[%emt 0:01:05]} 21. O-O {[%emt 0:02:14]} Qc8 {[%emt 0:03:35]} 22. Nd5 {[%emt 0:02:59]} Bxd5 {[%emt 0:02:55]} 23. exd5 {[%emt 0:00:01]} g5 {[%emt 0:10:50]} 24. Ra4 {[%emt 0:05:40]} gxh4 {[%emt 0:16:52]} 25. Rxh4 {[%emt 0:00:08]} Bg5 {[%emt 0:00:13]} 26. Rxh5 {[%emt 0:00:47]} Rxh5 {[%emt 0:00:44]} 27. Bxh5 {[%emt 0:00:01]} f5 {[%emt 0:02:18]} 28. Ra1 {[%emt 0:05:34]} e4 {[%emt 0:03:23]} 29. Be2 {[%emt 0:02:42]} Qb7 {[%emt 0:00:33]} 30. b4 {[%emt 0:03:07]} Qxd5 {[%emt 0:00:57]} 31. Ra5 {[%emt 0:03:27]} Qe6 {[%emt 0:00:46]} 32. Bxa6 {[%emt 0:00:38]} d5 {[%emt 0:01:01]} 33. Be2 {[%emt 0:00:16]} f4 {[%emt 0:01:46]} 34. Qd1 {[%emt 0:30:13]} fxg3 {[%emt 0:07:37]} 35. Qxd5 {[%emt 0:03:18]} gxf2+ {[%emt 0:01:18]} 36. Kxf2 {[%emt 0:00:12]} Bh4+ {[%emt 0:00:24]} 37. Kg2 {[%emt 0:00:34]} Qxd5 {[%emt 0:06:32]} 38. Rxd5 {[%emt 0:00:08]} Be1 {[%emt 0:00:06]} 39. Rf5+ {[%emt 0:02:13]} 1/2-1/2

[Event "56th Rubinstein Memorial A 2020"]
[Site "Polanica Zdroj"]
[Date "2020.08.18"]
[Round "4.8"]
[White "Balinski, Damian"]
[Black "Sernecki, Franciszek"]
[Result "1-0"]
[WhiteElo "2136"]
[BlackElo "2243"]
[Annotator "ChessBase"]
[PlyCount "69"]
[EventDate "2020.08.15"]
[EventType "swiss"]
[EventCountry "POL"]
[SourceTitle "playchess.com"]
[Source "ChessBase"]
[SourceQuality "1"]
[TimeControl "40/5400+30:1800+30"]

1. d4 {[%emt 0:00:00]} Nf6 {[%emt 0:00:16]} 2. c4 {[%emt 0:00:00]} e6 {[%emt 0:00:03]} 3. Nc3 {[%emt 0:00:00]} Bb4 {[%emt 0:00:04]} 4. Qc2 {[%emt 0:00:02]} Nc6 {[%emt 0:00:42]} 5. Nf3 {[%emt 0:00:22]} d6 {[%emt 0:02:03]} 6. Bd2 {[%emt 0:00:32]} O-O {[%emt 0:05:16]} 7. a3 {[%emt 0:00:15]} Bxc3 {[%emt 0:00:44]} 8. Bxc3 {[%emt 0:00:03]} Qe7 {[%emt 0:07:27]} 9. e3 {[%emt 0:00:21]} e5 {[%emt 0:00:50]} 10. d5 {[%emt 0:00:10]} Nb8 {[%emt 0:00:10]} 11. Nd2 {[%emt 0:00:16]} Bg4 {[%emt 0:02:32]} 12. Bd3 {[%emt 0:04:04]} Nbd7 {[%emt 0:07:37]} 13. b4 {[%emt 0:15:48]} c6 {[%emt 0:07:03]} 14. f3 {[%emt 0:05:37]} Bh5 {[%emt 0:00:40]} 15. e4 {[%emt 0:00:49]} Bg6 {[%emt 0:05:46]} 16. Nf1 {[%emt 0:18:52]} cxd5 {[%emt 0:15:17]} 17. cxd5 {[%emt 0:00:19]} Nh5 {[%emt 0:02:50]} 18. Ne3 {[%emt 0:04:47]} Rac8 {[%emt 0:08:30]} 19. Qd2 {[%emt 0:11:31]} Qh4+ {[%emt 0:04:15]} 20. Ke2 {[%emt 0:07:09]} Nf4+ {[%emt 0:04:17]} 21. Kf1 {[%emt 0:00:03]} Nxd3 {[%emt 0:03:44]} 22. Qxd3 {[%emt 0:00:04]} f5 {[%emt 0:03:04]} 23. exf5 {[%emt 0:01:33]} e4 {[%emt 0:01:45]} 24. fxe4 {[%emt 0:07:48]} Rxc3 {[%emt 0:00:44]} 25. Qxc3 {[%emt 0:00:03]} Nf6 {[%emt 0:01:52]} 26. Kg1 {[%emt 0:02:15]} Nxe4 {[%emt 0:05:52]} 27. Qe1 {[%emt 0:00:40]} Qf4 {[%emt 0:04:55]} 28. fxg6 {[%emt 0:01:38]} Re8 {[%emt 0:01:36]} 29. gxh7+ {[%emt 0:00:22]} Kh8 {[%emt 0:00:10]} 30. Nf1 {[%emt 0:04:34]} Nf6 {[%emt 0:02:05]} 31. Qf2 {[%emt 0:00:32]} Qc4 {[%emt 0:00:52]} 32. Re1 {[%emt 0:06:12]} Ne4 {[%emt 0:01:28]} 33. Qe3 {[%emt 0:00:51]} Nf6 {[%emt 0:00:59]} 34. Qd2 {[%emt 0:00:24]} Ne4 {[%emt 0:00:35]} 35. Qe2 {[%emt 0:01:56]} 1-0